01846nam a2200469 i 450000100060000000300080000600500170001400600190003100700150005000800410006502000180010602000270012403500230015103500240017403500250019803500210022304000310024405000240027508000080029908200230030710000350033024501580036525000320052326400790055530000410063433600310067533700330070633800430073950000230078258801280080559001590093365000190109265000210111165000280113265000280116065500270118870000330121570000300124879700190127885600620129799900170135974325FlNmELB20241217143538.0m o d | cr cnu||||||||160203s2014 sp o 001 0 spa d z9788477865681 a9788498284980 (e-book) a(MiAaPQ)EBC4184517 a(Au-PeEL)EBL4184517 a(CaPaEBR)ebr11126754 a(OCoLC)949163472 aFINmELBbspaerdacFINmELB 4aQL633.S7bS714 2014 a5970 a551.48309463592231 aSoriguer Escofet, Milagrosa C.10aPeces de la península ibérica :bclaves para su determinación /cMilagrosa C. Soriguer Escofet, Concha Vallespin Gómez, José A. Hernando Casal. aSegunda edición revisada. 1aCádiz :bServicio de Publicaciones de la Universidad de Cádiz,c[2014] a1 recurso en línea (234 páginas) atextobtxt2rdacontent/spa acomputadorabc2rdamedia/spa arecurso en líneabcr2rdacarrier/spa aContiene índice. aDescripción basada en recurso en línea; Título de la página del título en PDF (e-libro, visto February 03, 2016). aRecurso electronico. Santa Fe, Arg. : e-libro, 2016. Disponible via World Wide Web. El acceso puede ser limitado para las bibliotecas afiliadas a e-libro. 0aFisheszSpain. 4aPeceszEspaña. 0aFishesxClassification. 4aPecesxClasificación. 4aLibros electrónicos.1 aVallespín Gómez, Concha.1 aHernando Casal, José A.2 ae-libro, Corp.40uhttps://elibro.net/ereader/politecnicointernacional/33858 c74325d74325